000 01184 a2200289 4500
005 20081014123653.0
008 081014t xxu||||| |||| 00| 0 eng d
010 _aENG-91326
020 _a817341436X
_c395.00
035 _aEN-74859
037 _bDBAD / PUB
040 _adpl
_bEnglish
082 _a332.0412068
100 _aMahapatra, Rudra Prasanna
245 _aWorking capital management in Indian paper industry /
_cby Rudra Prasanna Mahapatra [and] Arun Kumar Panda
260 _a Delhi
_bIndian Publishers Distributors
_c2008
270 _a156-D, Kamla Nagar,
_cDelhi
_e110007
300 _a189p.
_c22 cm (Hb)
500 _aIncludes bibliographical references
650 _aPaper industry
_zIndia
_xFinance
_xCase studies
650 _aPaper industry
_zIndia
_xFinance
_xStatistics
650 _aWorking capital
_zIndia
_xCase studies
650 _aWorking capital
_zIndia
_xStatistics
700 _aPanda, Arun Kumar
942 _adpl
_cEN
_2ddc
_mMAH
_h332.0412068
999 _c16711
_d16711